Dalawang dagang bulag / (Record no. 103293)
[ view plain ]
| 000 -LEADER | |
|---|---|
| fixed length control field | 00669nam a2200193 a 4500 |
| 005 - DATE AND TIME OF LATEST TRANSACTION | |
| control field | 20140412111259.0 |
| 008 - FIXED-LENGTH DATA ELEMENTS--GENERAL INFORMATION | |
| fixed length control field | 000825s19uu xx 00 eng d |
| 020 ## - INTERNATIONAL STANDARD BOOK NUMBER | |
| International Standard Book Number | 971-121-008-8 |
| 050 ## - LIBRARY OF CONGRESS CALL NUMBER | |
| Classification number | Fil E |
| Item number | Da15 1980 |
| 100 ## - MAIN ENTRY--PERSONAL NAME | |
| Personal name | Desuasido, Rodolfo |
| 245 ## - TITLE STATEMENT | |
| Title | Dalawang dagang bulag / |
| Statement of responsibility, etc | story of Rodolfo Desuasido ; illustrated by Jimmy Torres. |
| 260 ## - PUBLICATION, DISTRIBUTION, ETC. (IMPRINT) | |
| Place of publication, distribution, etc | Metro Manila, Philippines : |
| Name of publisher, distributor, etc | Aklat Adarna, |
| Date of publication, distribution, etc | 1980. |
| 300 ## - PHYSICAL DESCRIPTION | |
| Extent | 1 v. (unp.) ; ill. |
| 440 ## - SERIES STATEMENT/ADDED ENTRY--TITLE | |
| Title | Aklat ng Karanasan |
| 500 ## - GENERAL NOTE | |
| General note | Catholic Press Award 1981; Gintong Aklat Award 1981; Gawad Surian ng Wikang Pambansa 1982 |
| 650 ## - SUBJECT ADDED ENTRY--TOPICAL TERM | |
| Topical term or geographic name as entry element | Mice stories-Fiction |
| 650 ## - SUBJECT ADDED ENTRY--TOPICAL TERM | |
| Topical term or geographic name as entry element | Blinds-Fiction |
| Withdrawn status | Lost status | Damaged status | Home library | Current library | Shelving location | Date acquired | Source of acquisition | Total Checkouts | Full call number | Barcode | Date last seen | Price effective from | Koha item type |
|---|---|---|---|---|---|---|---|---|---|---|---|---|---|
| Elizalde Library | Elizalde Library | Filipiniana Section | 08/25/2000 | Fil E Da15 1980 | E4397 | 04/12/2014 | 04/12/2014 | Books |